| 000 | 02188nam0a2200373 4500 | ||
|---|---|---|---|
| 001 | RU\NLR\bibl\737467 | ||
| 005 | 20250614001919.0 | ||
| 010 |
_a5-7982-0134-1 _9350 |
||
| 021 |
_aRU _b2004-76487 _93771 |
||
| 035 | _a(NLR Aleph) 000727382 | ||
| 090 |
_a740933 _c740933 |
||
| 100 | _a20050321d2004 |||y0rusy50 ca | ||
| 101 | 0 | _arus | |
| 102 | _aRU | ||
| 105 | _ay ||||||||| | ||
| 135 | _acrmn mmmanaba | ||
| 200 | 1 |
_aСердечно-сосудистая хирургия - 2003. Болезни и врожденные аномалии системы кровообращения _fЛ.А. Бокерия, Р.Г. Гудкова _gСекция по сердечно-сосудистой хирургии учен. совета М-ва здравоохранения и социал. развития Рос. Федерации и др. |
|
| 210 |
_aМ. _cИзд-во НЦССХ _d2004 |
||
| 215 |
_a108,[1] с. _d20 |
||
| 300 | _aВ надзаг. также: Науч. совет по сердечно-сосудистой хирургии РАМН и МЗиСР РФ, Науч. центр сердечно-сосудистой хирургии им. А.Н. Бакулева РАМН | ||
| 325 | 1 | _aКопия доступна в электронной библиотеке РНБ | |
| 606 | 0 |
_aСердечно-сосудистая система _xБолезни _xХирургическое лечение _91501773 _3RU\NLR\auth\66953034 |
|
| 606 | 0 |
_aСердечно-сосудистая система _xАномалии _xХирургическое лечение _92319986 _3RU\NLR\auth\661387984 |
|
| 686 | _aР457.365.0 | ||
| 700 | 1 |
_aБокерия _bЛ. А. _gЛео Антонович _4070 |
|
| 701 | 1 |
_aГудкова _bР. Г. _4070 |
|
| 801 | 0 |
_aRU _bNLR _c20050321 _gPSBO |
|
| 801 | 1 |
_aRU _bNLR _c20050321 |
|
| 901 | _eКнижные издания | ||
| 942 | _cBOOK | ||
| 980 | _aNB | ||
| 981 | 1 | 3 |
_a(13) Документы, защищенные авторским правом _b(13) Современная научная, научно-популярная и популярная л |